书目信息 |
| 题名: |
地热能开发与应用技术
|
|
| 作者: | 朱家玲 编著 | |
| 分册: | ||
| 出版信息: | 北京 化学工业出版社 2006 |
|
| 页数: | 317页 | |
| 开本: | 26cm | |
| 丛书名: | 替代能源应用技术丛书 | |
| 单 册: | ||
| 中图分类: | P314.2 | |
| 科图分类: | ||
| 主题词: | 地热能--资源开发 , 地热能--资源利用 | |
| 电子资源: | ||
| ISBN: | 7-5025-8422-6 | |
| 000 | 00867oam2 2200253 450 | |
| 001 | 1538064832 | |
| 005 | 20150116103457.20 | |
| 010 | @a7-5025-8422-6@dCNY45.00 | |
| 100 | @a20060529d2006 em y0chiy50 ea | |
| 101 | 0 | @achi |
| 102 | @aCN@b110000 | |
| 105 | @ay z 000yy | |
| 200 | 1 | @a地热能开发与应用技术@Adi re neng kai fa yu ying yong ji shu@f朱家玲等编著 |
| 210 | @a北京@c化学工业出版社@d2006 | |
| 215 | @a317页@d26cm | |
| 225 | 2 | @a替代能源应用技术丛书 |
| 330 | @a全书共分7篇21章,内容涉及水文地质、地球物理及地球化学、地热资源勘察及评价方法、地热钻井工艺及技术、抽水试验工艺过程、回灌井口设备及技术等。 | |
| 410 | 0 | @12001 @a替代能源应用技术丛书 |
| 606 | 0 | @a地热能@x资源开发 |
| 606 | 0 | @a地热能@x资源利用 |
| 690 | @aP314.2@v5 | |
| 701 | 0 | @a朱家玲@Azhu jia ling@c(女,@f1954~)@4编著 |
| 801 | 0 | @aCN@bTSSF@c20150115 |
| 905 | @aZUCC@dP314.2@eJY36 | |
| 地热能开发与应用技术/朱家玲等编著.-北京:化学工业出版社,2006 |
| 317页;26cm.-(替代能源应用技术丛书) |
| ISBN 7-5025-8422-6:CNY45.00 |
| 全书共分7篇21章,内容涉及水文地质、地球物理及地球化学、地热资源勘察及评价方法、地热钻井工艺及技术、抽水试验工艺过程、回灌井口设备及技术等。 |
| ● |
| 相关链接 |
|
|
|
|
正题名:地热能开发与应用技术
索取号:P314.2/JY36
 
预约/预借
| 序号 | 登录号 | 条形码 | 馆藏地/架位号 | 状态 | 备注 |
| 1 | 7851811 | 278518114 | 学院路分馆/ [索取号:P314.2/JY36] | 在馆 | |
| 2 | 7851812 | 278518123 | 学院路分馆/ [索取号:P314.2/JY36] | 在馆 |